000 004540000a22001690004500
041 0 _aENG
082 0 4 _aG 302.346 F1151a
100 1 _aFaber, Heije (1907-)
245 1 0 _aThe art of pastoral conversation / Heije Faber, Ebel van der Schoot
260 _aNew York, USA : Abingdon
300 _a223 Pag
001 9334
942 _cBK
999 _c39376
_d39376
336 _atexto
_btxt
_2rdacontent
337 _2rdamedia
_asin mediación
_bn
338 _2rdacarrier
_avolumen
_bnc